| 000 | 00682nam a2200205 a 4500 | ||
|---|---|---|---|
| 001 | 000011152 | ||
| 005 | 20200929162356.0 | ||
| 008 | 091014s1966 dr 001 0 spa d | ||
| 040 |
_aDO-SdBNP _bspa _cBNPHU |
||
| 041 | 1 | 7 |
_aspa _hfrend |
| 082 |
_axxxx _bxxxx |
||
| 100 | 1 |
_aRojas Abreu, Enriquillo, _d1920- _926661 |
|
| 245 | 1 | 0 |
_aAntipuerto / _cEnrriquillo Rojas Abreu ; traducción Claude Couffon. |
| 260 |
_aParis : _bHispaniques, _c1966. |
||
| 300 |
_a57 p. ; _c27 cm. |
||
| 500 | _aIncluye referencias bibligráficas y notas al pie de las páginas. | ||
| 500 | _aTexto en español y en francés. | ||
| 590 | _aInventariado, 2019/ YL | ||
| 700 | 1 |
_aCouffon, Claude, _etr. _926662 |
|
| 999 |
_c10877 _d10877 |
||